logo

Bir Sreshtho Munshi Abdur Rouf Library
Jhenaidah Cadet College

Mr Campion's Falcon / (Record no. 7207)

MARC details
000 -LEADER
fixed length control field 00515nam a2200205 a 4500
001 - CONTROL NUMBER
JCCL Control Number 7207
003 - CONTROL NUMBER IDENTIFIER
JCCL marc code BD-JhCC
005 - DATE AND TIME OF LATEST TRANSACTION
control field 20180206124211.0
008 - FIXED-LENGTH DATA ELEMENTS--GENERAL INFORMATION
fixed length control field 180206s1970 e |||| || | 000 0 eng d
035 ## - SYSTEM CONTROL NUMBER
system control number (BD-JhCC)7207
040 ## - CATALOGING SOURCE
Original cataloging agency BD-JhCC
Modifying agency BD-JhCC
041 ## - LANGUAGE CODE
Language code of Book eng
082 ## - DEWEY DECIMAL CLASSIFICATION NUMBER
Classification number 823.912
Author mark and Year CAR 1970
100 ## - MAIN ENTRY--PERSONAL NAME
Personal name Carter, Youngman
245 ## - TITLE STATEMENT
Title Mr Campion's Falcon /
Statement of responsibility, etc Youngman Carter,
260 ## - PUBLICATION, DISTRIBUTION, ETC. (IMPRINT)
Place of publication, distribution, etc London :
Name of publisher, distributor, etc William Heinemann Ltd,
Date of publication, distribution, etc 1970
300 ## - PHYSICAL DESCRIPTION
Pagination 198 p. :
Dimensions 20 cm.
942 ## - ADDED ENTRY ELEMENTS (KOHA)
Source of classification or shelving scheme Dewey Decimal Classification
Koha item type Books
Holdings
Source of classification or shelving scheme Damaged status Not for loan Home library Current library Shelving location Date of accession Total Checkouts Full call number Barcode Date last seen Copy number Koha item type
Dewey Decimal Classification     JCC Rouf Library JCC Rouf Library General Stacks 02/06/2018   823.912 CAR 1970 9615 02/06/2018 C-1 Books

JCC Library | Contacts | JCC Home

Last Update on 23 September 2017
Copyright @ 2017-2020 JCC Rouf Library
Rouf Library, Jhenidah Cadet College (JCC), Bangladesh